|
|
|
|
| LEADER |
01998njm a2200541 i 4500 |
| 001 |
001575991 |
| 003 |
CZ BrMZK |
| 005 |
20210413112159.0 |
| 007 |
sd fungnnmmned |
| 008 |
170511t20172017xr munng d n cze |
| 015 |
|
|
|a cnb002896844
|
| 024 |
3 |
|
|a 8595026657625
|
| 028 |
0 |
1 |
|a MAM 576-2
|b Indies Scope
|
| 040 |
|
|
|a BOA001
|b cze
|e rda
|
| 041 |
0 |
|
|d cze
|e cze
|
| 045 |
|
|
|a y1y1
|
| 047 |
|
|
|a pp
|a rc
|
| 072 |
|
7 |
|a 78.011.26
|x Populární hudba. Populární písně. Populární taneční hudba
|2 Konspekt
|9 9
|
| 080 |
|
|
|a 78.036.011.26
|2 MRF
|
| 080 |
|
|
|a 784.4.011.26
|2 MRF
|
| 080 |
|
|
|a (086.76)
|2 MRF
|
| 245 |
0 |
0 |
|a Sůl /
|c Budoár staré dámy
|
| 264 |
|
1 |
|a Dolní Loučky :
|b Indies Scope,
|c [2017]
|
| 264 |
|
4 |
|c ℗2017
|
| 300 |
|
|
|a 1 CD audio (38:53) ;
|c 12 cm
|
| 306 |
|
|
|a 003853
|
| 336 |
|
|
|a hraná hudba
|b prm
|2 rdacontent
|
| 337 |
|
|
|a audio
|b s
|2 rdamedia
|
| 338 |
|
|
|a audiodisk
|b sd
|2 rdacarrier
|
| 344 |
|
|
|a digital
|b optical
|2 rda
|
| 347 |
|
|
|a audio soubor
|b CD audio
|2 rda
|
| 500 |
|
|
|a Název z pouzdra
|
| 500 |
|
|
|a Hudba Marta Kovářová, Tomáš Ergens
|
| 500 |
|
|
|a Texty písní (26 stran) v pouzdře
|
| 505 |
0 |
0 |
|t Z ježatých hor --
|t Nejde to umýt --
|t Bagr --
|t Jeptiška --
|t Kopřivy --
|t Tempa --
|t Konstrukce černého šípu --
|t Kuře ve sněhových šatech --
|t Případ --
|t Jakoty --
|t Vláčile! --
|t Čaj z makovic
|
| 511 |
1 |
|
|a Budoár staré dámy
|
| 648 |
|
7 |
|a 2011-2020
|7 ch460589
|2 czenas
|
| 650 |
0 |
7 |
|a rock
|7 ph125174
|2 czenas
|
| 650 |
0 |
7 |
|a populární písně
|7 ph124354
|y 2011-2020
|2 czenas
|
| 653 |
0 |
|
|a alternativní rock
|
| 655 |
|
7 |
|a kompaktní disky
|7 fd201991
|2 czenas
|
| 700 |
1 |
|
|a Kovářová, Marta,
|d 1983-
|7 xx0082203
|4 cmp
|4 itr
|4 sng
|
| 700 |
1 |
|
|a Ergens, Tomáš
|4 cmp
|4 itr
|
| 710 |
2 |
|
|a Budoár staré dámy (hudební skupina)
|7 kn20040405015
|4 prf
|
| 910 |
|
|
|a BOA001
|b CDR-1384.974
|
| 990 |
|
|
|a AV
|
| 991 |
|
|
|b 201706
|
| 996 |
6 |
|
|b 2610706685
|c CDR-1384.974
|l MZK
|r Sklad / do 24 hodin
|n 0
|p p.v.
|w 001611318
|u 000010
|a 1
|e BOA001
|j MZK50
|s P
|